Postoje adolescentov k legálnym a nelegálnym drogám

Enregistré dans:
Détails bibliographiques
Auteur principal: Blažej, Marián, 1975- (Auteur)
Autres auteurs: Krajčí, Ľubomír, 1963- (Directeur de thèse)
Format: Manuscrit Livre
Langue:slovaque
Publié: Trnava : STU v Bratislave MTF KIP, 2012
Sujets:
Accès en ligne:VAIS
Tags: Ajouter un tag
Pas de tags, Soyez le premier à ajouter un tag!

MARC

LEADER 00000ntm a22000003a 4500
001 stu251574
005 20150617230200.8
008 120719s2012----xo------------------slo-d
040 |a STU  |b slo 
041 0 |a slo 
044 |a xo 
100 1 |a Blažej, Marián,  |d 1975-  |4 aut  |u M  |T MTF Materiálovotechnologická fakulta  |X 7820  |U M  |Y 60  |7 A000007820 
242 0 0 |a The attitudes of adolescents toward the legal and illegal drugs.  |y eng 
245 1 |a Postoje adolescentov k legálnym a nelegálnym drogám 
260 |a Trnava :  |b STU v Bratislave MTF KIP,  |c 2012 
300 |a 63 s  |c príl 
650 7 |a učiteľstvo technických profesijných predmetov  |2 stusub 
650 7 |a Teaching Specific Engineering Subjects  |2 estusub 
650 7 |a alkohol  |2 stusub 
650 7 |a postoje  |2 stusub 
650 7 |a drogy  |2 stusub 
700 1 |a Krajčí, Ľubomír,  |d 1963-  |4 ths  |X 60246  |7 A000060246 
856 4 |a info a plný text  |u http://is.stuba.sk/zp/portal_zp.pl?podrobnosti=81013  |3 VAIS 
996 |c M*DP-10991  |l MMSKP  |s P  |a 0  |w stu251574_0001